Retail 3.0 (Record no. 84098)
[ view plain ]
| 000 -LEADER | |
|---|---|
| fixed length control field | 01325cad a22002055a 4500 |
| 001 - CONTROL NUMBER | |
| control field | L156637 |
| 008 - FIXED-LENGTH DATA ELEMENTS--GENERAL INFORMATION | |
| fixed length control field | 120615s2012 xxk 000 0 eng d |
| 035 ## - SYSTEM CONTROL NUMBER | |
| System control number | (Sirsi) u156637 |
| 041 0# - LANGUAGE CODE | |
| Language code of text/sound track or separate title | eng |
| 110 2# - MAIN ENTRY--CORPORATE NAME | |
| Corporate name or jurisdiction name as entry element | Jones Lang LaSalle |
| 9 (RLIN) | 3755 |
| 245 00 - TITLE STATEMENT | |
| Title | Retail 3.0 |
| Remainder of title | the evolution of multi-channel retail distribution May 2012 |
| Medium | [electronic resource] |
| 260 ## - PUBLICATION, DISTRIBUTION, ETC. | |
| Place of publication, distribution, etc. | [S.l.] |
| Name of publisher, distributor, etc. | JLL |
| Date of publication, distribution, etc. | 2012 |
| 520 ## - SUMMARY, ETC. | |
| Summary, etc. | Focuses on the impact that e-commerce has had on retail distribution in the US and how retailers are reacting to an environment where consumers have technology on their side. Pinpoints the seamlessness between channels of shopping from in-store to online and mobile and how this is driving efficiencies down through retailers' supply chain and up through their store operations. These trends will in time be exported around the world and redefine retail markets. |
| 520 ## - SUMMARY, ETC. | |
| Summary, etc. | Technology use: consumers vs. retailers -- e-commerce: exploding cross-channel sales -- fast-fashion/just-in-time inventory: speed vs. cost -- globalisation: technology at the root of growth -- conclusion. |
| 590 ## - LOCAL NOTE (RLIN) | |
| Local note | NTK KA |
| 651 #4 - SUBJECT ADDED ENTRY--GEOGRAPHIC NAME | |
| Geographic name | United States |
| 690 ## - LOCAL SUBJECT ADDED ENTRY--TOPICAL TERM (OCLC, RLIN) | |
| Topical term or geographic name as entry element | Commercial property |
| 9 (RLIN) | 6227 |
| 856 40 - ELECTRONIC LOCATION AND ACCESS | |
| Uniform Resource Identifier | <a href="https://www.us.am.joneslanglasalle.com/ResearchLevel1/Retail%203.0_WhitePaper.pdf">https://www.us.am.joneslanglasalle.com/ResearchLevel1/Retail%203.0_WhitePaper.pdf</a> |
| Public note | View the report at www.us.am.joneslanglasalle |
| 942 ## - ADDED ENTRY ELEMENTS (KOHA) | |
| Suppress in OPAC | 0 |
| Withdrawn status | Lost status | Source of classification or shelving scheme | Damaged status | Not for loan | Home library | Current library | Shelving location | Date acquired | Total Checkouts | Full call number | Barcode | Date last seen | Copy number | Price effective from | Koha item type |
|---|---|---|---|---|---|---|---|---|---|---|---|---|---|---|---|
| Dewey Decimal Classification | Virtual | Virtual | Online | 15/06/2012 | ONLINE PUBLICATION | 156637-2001 | 06/08/2019 | 1 | 06/08/2019 | Book |